000
00316nam a22001217a 4500
008
160503b xxu||||| |||| 00| 0 eng d
020
_a
9780071712972
020
_a
0071712976
041
_a
eng
080
_a
61
245
_a
\First aid usmele step:
_c
Tao Le Md Mhs; Vikas Bhusha; Herman Singh Bagga;
942
_2
udc
_c
BK
999
_c
1740
_d
1740